|
|
|
|
| LEADER |
01443nam a22002657a 4500 |
| 001 |
41762 |
| 003 |
BD-DhAAL |
| 008 |
230924t2008 ne sb 001 0 eng d |
| 040 |
|
|
|a BD-DhAAL
|c BD-DhAAL
|
| 082 |
|
|
|a 372.7
|
| 245 |
|
|
|a Children learn mathematics :
|b a learning-teaching trajectory with intermediate attainment targets for calculation with whole numbers in primary school /
|c edited by Marja van den Heuvel-Panhuizen.
|
| 246 |
|
|
|a A learning-teaching trajectory with intermediate attainment targets for calculation with whole numbers in primary school
|
| 246 |
|
|
|a Children learn mathematics
|
| 260 |
|
|
|a Netherlands :
|b Freudenthal Institute, Utrecht University and National Institute for Curriculum Development (SLO),
|c 2001.
|
| 300 |
|
|
|a 255 pages :
|b illustrations ;
|c 21 cm.
|
| 504 |
|
|
|a Includes bibliographical references.
|
| 526 |
|
|
|a BIED
|
| 541 |
|
|
|a Complimentary copy from BIED
|e 41762
|
| 650 |
|
|
|a Mathematics
|x Study and teaching (Primary)
|z Netherlands.
|9 55552
|
| 650 |
|
|
|a Numbers, Natural
|x Study and teaching (Primary)
|z Netherlands.
|9 55553
|
| 700 |
|
|
|a Heuvel-Panhuizen, Marja van den,
|e editor.
|9 55554
|
| 852 |
|
|
|a Ayesha Abed Library
|c BIED Collection
|
| 942 |
|
|
|2 ddc
|c BK
|
| 999 |
|
|
|c 46154
|d 46154
|
| 952 |
|
|
|0 0
|1 0
|2 ddc
|4 0
|6 372_700000000000000_CHI
|7 0
|9 74413
|a BRACUL
|b BRACUL
|c GEN
|d 2023-09-24
|e Complimentary copy from BIED
|l 0
|o 372.7 CHI
|p 3010041762
|r 2023-09-24
|t 1
|w 2023-09-24
|y BK
|x Transferred from BIED to General Stacks
|